Visualizzazione normale
Vista MARC
- Silvestri Alan
di Personal Name
Records bibliografici associati: 1
001 - CONTROL NUMBER
- control field: 48757
003 - CONTROL NUMBER IDENTIFIER
- control field: IT-RoPau
005 - DATE AND TIME OF LATEST TRANSACTION
- control field: 20151201213718.0
008 - FIXED-LENGTH DATA ELEMENTS
- fixed length control field: 151201|| aca||aabn | a|a d
040 ## - CATALOGING SOURCE
- Original cataloging agency: IT-RoPau
- Transcribing agency: IT-RoPau
100 ## - HEADING--PERSONAL NAME
- Personal name: Silvestri Alan
- Relator term: (musica)
- Miscellaneous information: Codice Musica SPICS: 26366
670 ## - SOURCE DATA FOUND
- Source citation: Work cat.: (IT-RoPau)106789: Zemeckis Robert Codice regista SPICS: 26355 48754, CHI HA INCASTRATO ROGER RABBIT CHI HA INCASTRATO ROGER RABBIT (Rif. Codice opera principale : 76462)